Management of company finance (Record no. 49959)

MARC details
000 -LEADER
fixed length control field 00613nam a2200181 a 4500
008 - FIXED-LENGTH DATA ELEMENTS--GENERAL INFORMATION
fixed length control field 120416s1995 ||||||||||||||||| || u
020 ## - INTERNATIONAL STANDARD BOOK NUMBER
International Standard Book Number 0412608103
050 ## - LIBRARY OF CONGRESS CALL NUMBER
Classification number HG 4026 Sam
100 ## - MAIN ENTRY--PERSONAL NAME
Personal name Brayshaw, R. E
245 10 - TITLE STATEMENT
Title Management of company finance
250 ## - EDITION STATEMENT
Edition statement 6th ed.
260 ## - PUBLICATION, DISTRIBUTION, ETC.
Place of publication, distribution, etc. London
Name of publisher, distributor, etc. Chapman and Hall
Date of publication, distribution, etc. 1995
300 ## - PHYSICAL DESCRIPTION
Extent xvi, 1040p. : ill.
350 ## - PRICE (NR) (BK AM CF MU VM SE) [OBSOLETE]
Price 0.00
650 #0 - SUBJECT ADDED ENTRY--TOPICAL TERM
Topical term or geographic name entry element FINANCE--DEVELOPING COUNTRIES
700 ## - ADDED ENTRY--PERSONAL NAME
Personal name Samuels, John Malcolm
995 ## - RECOMMENDATION 995 [LOCAL, UNIMARC FRANCE]
-- 0.00
-- CBU-MAIN LIBRARY (Kitwe)
-- 1
-- 46.90
-- 1
-- AVAILABLE
-- Main Library Open Access Collection
Holdings
Withdrawn status Lost status Source of classification or shelving scheme Damaged status Not for loan Home library Current library Shelving location Date acquired Total Checkouts Full call number Barcode Date last seen Price effective from Koha item type
          CBU-MAIN LIBRARY, KITWE. CBU-MAIN LIBRARY, KITWE.   11/30/2022   HG 4026 Sam 47930 11/30/2022 11/30/2022 MONOGRAPH